[Event "Karnevalsopen"]
[Site "Solingen"]
[Date "2010.02.14"]
[Round "5"]
[White "Ramakers, Andre"]
[Black "Wastian, Hans-Georg"]
[Result "0-1"]
[WhiteElo "1353"]
[BlackElo "1702"]
[PlyCount "62"]
[EventDate "2010.02.14"]
[EventType "swiss"]
[EventRounds "5"]
[EventCountry "GER"]

1. c4 e6 2. d4 d5 3. Nc3 Nf6 4. Bf4 c6 5. e3 Nbd7 6. Nf3 Be7 7. c5 Nh5 8. Bg3
O-O 9. Bd3 g6 10. b4 Re8 11. Ne2 Nxg3 12. Nxg3 Bf6 13. h4 e5 14. Be2 exd4 15.
exd4 Nf8 16. h5 Bg4 17. hxg6 hxg6 18. Kf1 Bxf3 19. Bxf3 Ne6 20. Ne2 Re7 21. Qd2
Bg5 22. Qc2 Qf8 23. Re1 Qg7 24. Rd1 Rae8 25. g3 Bf6 26. Qd2 Ng5 27. Bg4 Re4 28.
f4 Nh7 29. Kg2 g5 30. Rde1 gxf4 31. Nxf4 Qxg4 0-1

[Event "Karnevalsopen"]
[Site "Solingen"]
[Date "2010.02.14"]
[Round "5"]
[White "Sadlowski, Ruben"]
[Black "Falge, Rainer"]
[Result "0-1"]
[WhiteElo "829"]
[BlackElo "1599"]
[PlyCount "76"]
[EventDate "2010.02.14"]
[EventType "swiss"]
[EventRounds "5"]
[EventCountry "GER"]

1. d4 d6 2. c4 Nf6 3. Nf3 g6 4. Nc3 Bg7 5. e3 O-O 6. Bd3 Bg4 7. O-O e5 8. Re1
Re8 9. h3 Bxf3 10. Qxf3 Nc6 11. d5 Nb4 12. e4 Nxd3 13. Qxd3 Nd7 14. Be3 Rf8 15.
f3 f5 16. Rf1 f4 17. Bf2 Bf6 18. Qd1 Kh8 19. Qe1 g5 20. b4 Rg8 21. Qe2 Rg7 22.
Kh2 h5 23. Rh1 Qe7 24. Kg1 Nf8 25. Qe1 Nh7 26. g4 Rag8 27. Ne2 Qd7 28. b5 Nf8
29. Bxa7 Ng6 30. Bf2 Nh4 31. Bxh4 gxh4 32. Kh2 hxg4 33. hxg4 c6 34. a4 cxd5 35.
cxd5 Bd8 36. Kh3 Rxg4 37. fxg4 Qxg4+ 38. Kh2 Qg2# 0-1

[Event "Karnevalsopen"]
[Site "Solingen"]
[Date "2010.02.14"]
[Round "5"]
[White "Niemeyer, Maximilian"]
[Black "Rieger, Isabelle"]
[Result "0-1"]
[WhiteElo "758"]
[BlackElo "1426"]
[PlyCount "84"]
[EventDate "2010.02.14"]
[EventType "swiss"]
[EventRounds "5"]
[EventCountry "GER"]

1. e4 c5 2. Bc4 e6 3. Nf3 d5 4. exd5 exd5 5. Bb5+ Nc6 6. O-O Nf6 7. Ng5 Be7 8.
Re1 O-O 9. b3 Nd4 10. Bb2 Nxb5 11. Bxf6 Bxf6 12. Nxh7 Kxh7 13. Nc3 Nxc3 14.
Qh5+ Kg8 15. h3 Ne2+ 16. Rxe2 Bxa1 17. Re3 Bf6 18. Rf3 Re8 19. Re3 Rxe3 20.
dxe3 Qd6 21. f4 Qe6 22. Qg4 Qxg4 23. hxg4 Bxg4 24. a3 Re8 25. Kf2 Bh4+ 26. g3
Bxg3+ 27. Kxg3 Bd1 28. b4 Rxe3+ 29. Kf2 Rxa3 30. bxc5 Bxc2 31. Ke2 a5 32. Kd2
Be4 33. Kc1 a4 34. Kb2 Rf3 35. c6 bxc6 36. Ka2 a3 37. Ka1 d4 38. Ka2 Bd5+ 39.
Kb1 a2+ 40. Ka1 Rf1+ 41. Kb2 a1=Q+ 42. Kc2 Qc3# 0-1

[Event "Karnevalsopen"]
[Site "Solingen"]
[Date "2010.02.14"]
[Round "5"]
[White "Shishkov, Mark"]
[Black "Sherif, Amina"]
[Result "1-0"]
[WhiteElo "1160"]
[BlackElo "834"]
[PlyCount "127"]
[EventDate "2010.02.14"]
[EventType "swiss"]
[EventRounds "5"]
[EventCountry "GER"]

1. d4 Nf6 2. c4 e6 3. Nc3 d5 4. Qc2 dxc4 5. Nf3 Nc6 6. e3 Bd6 7. Bxc4 O-O 8.
O-O e5 9. Rd1 exd4 10. exd4 Bg4 11. Be2 Qd7 12. Ne5 Bf5 13. Nxd7 Bxc2 14. Nxf6+
gxf6 15. Rd2 Bg6 16. Nd5 Kg7 17. Bb5 a6 18. Bxc6 bxc6 19. Ne3 Bb4 20. Rd1 Bh5
21. f3 c5 22. Nd5 a5 23. a3 Rad8 24. Nxc7 Rxd4 25. Rxd4 cxd4 26. axb4 axb4 27.
Ra8 Rxa8 28. Nxa8 Kf8 29. Nb6 Ke7 30. Nd5+ Kd6 31. Nxb4 Kc5 32. Nd3+ Kc4 33.
Ne1 d3 34. Kf2 Bg6 35. Ke3 f5 36. Nxd3 f4+ 37. Nxf4 Kc5 38. Nxg6 hxg6 39. Ke4
Kd6 40. h4 f6 41. g4 Ke6 42. b4 Kd6 43. Be3 Kc6 44. Bc5 Kb5 45. h5 gxh5 46.
gxh5 Kc6 47. h6 Kd7 48. h7 Ke6 49. h8=Q f5+ 50. Kf4 Kd5 51. Qe5+ Kc6 52. Qxf5
Kb5 53. Bd6+ Ka4 54. b5 Ka5 55. Bc7+ Kb4 56. b6 Kc4 57. Qe5 Kd3 58. Qe4+ Kc3
59. Be5+ Kb3 60. Qd4 Ka3 61. Qb2+ Ka4 62. b7 Ka5 63. b8=R Ka6 64. Qb6# 1-0